Normal view
MARC view
- OMER,USMAN,ARSALAN
Entry Personal Name
001 - CONTROL NUMBER
- control field: 72167
003 - CONTROL NUMBER IDENTIFIER
- control field: NUST
005 - DATE AND TIME OF LATEST TRANSACTION
- control field: 20210628204743.0
008 - FIXED-LENGTH DATA ELEMENTS
- fixed length control field: 210628|| aca||aabn | a|a d
040 ## - CATALOGING SOURCE
- Original cataloging agency: NUST
- Transcribing agency: NUST
100 ## - HEADING--PERSONAL NAME
- Personal name: OMER,USMAN,ARSALAN
670 ## - SOURCE DATA FOUND
- Source citation: Work cat.: (NUST): OMER,USMAN,ARSALAN, PR-SOF-1127-ENERGY ANALYSIS TO DESIGN WASTE HEAT RECOVERY SYSTEM AT AES THERMAL POWER PLANT LALPIR, 2011
